[Event "DAGIJ"]
[Site "SchemingMind.com"]
[Date "2023.02.08"]
[Round "-"]
[White "Steven DuCharme"]
[Black "The Stonewall"]
[Result "0-1"]
[WhiteCountry "USA"]
[BlackCountry "ENG"]
[WhiteElo "1515"]
[WhiteRD "67"]
[BlackElo "2306"]
[BlackRD "72"]
[GameID "731258"]

1. Nf3 Nf6 2. c4 g6 3. e3 Bg7 4. Be2 O-O 5. Nc3 d6 6. O-O e5 7. d4 Qe7 8. dxe5 dxe5 9. Qc2 e4 10. Ng5 Re8
11. Nd5 Nxd5 12. cxd5 Qxg5 13. Kh1 Qxd5 14. Rd1 Qe5 15. Qxc7 Qxc7 16. Rd8 Rxd8
0-1

[Event "DAGIJ"]
[Site "SchemingMind.com"]
[Date "2023.02.08"]
[Round "-"]
[White "The Stonewall"]
[Black "Steven DuCharme"]
[Result "1-0"]
[WhiteCountry "ENG"]
[BlackCountry "USA"]
[WhiteElo "2306"]
[WhiteRD "72"]
[BlackElo "1515"]
[BlackRD "67"]
[GameID "731259"]

1. e4 c6 2. c4 d5 3. cxd5 cxd5 4. exd5 Qxd5 5. Nc3 Qd8 6. Bc4 Nf6 7. Nf3 e6 8. O-O Be7 9. Re1 O-O 10. d4 a6
11. d5 exd5 12. Bxd5 Nxd5 13. Nxd5 Bf6 14. Be3 Re8 15. Nb6
1-0

[Event "DAGIJ"]
[Site "SchemingMind.com"]
[Date "2023.02.08"]
[Round "-"]
[White "Steven DuCharme"]
[Black "MazetaFighter"]
[Result "0-1"]
[WhiteCountry "USA"]
[BlackCountry "GRE"]
[WhiteElo "1514"]
[WhiteRD "69"]
[BlackElo "2002"]
[BlackRD "82"]
[GameID "731260"]

1. e4 e5 2. Nf3 Nc6 3. Nc3 Nf6 4. d4 exd4 5. Nxd4 Bb4 6. Bg5 h6 7. Bh4 g5 8. Nxc6 bxc6 9. Bg3 Nxe4 10. Qd4 Bxc3+
11. bxc3 O-O 12. Bd3 d5 13. Bxe4 dxe4 14. O-O Qxd4 15. cxd4 Ba6 16. Rfe1 Rad8 17. c3 Rd7 18. Rxe4 f5 19. Re6 f4 20. Bxf4 gxf4
21. Rxh6 Rd6 22. Rxd6 cxd6 23. Re1 Kf7 24. f3 Re8
0-1

[Event "DAGIJ"]
[Site "SchemingMind.com"]
[Date "2023.02.13"]
[Round "-"]
[White "MazetaFighter"]
[Black "Steven DuCharme"]
[Result "1-0"]
[WhiteCountry "GRE"]
[BlackCountry "USA"]
[WhiteElo "2005"]
[WhiteRD "81"]
[BlackElo "1515"]
[BlackRD "73"]
[GameID "731261"]

1. e4 c6 2. d4 d5 3. Nc3 dxe4 4. Nxe4 Bf5 5. Nc5 b6 6. Nb3 Nf6 7. Nf3 e6 8. g3 Be7 9. Bg2 Nbd7 10. O-O O-O
11. Qe2 a5 12. Ne5 Nb8 13. g4 Bg6 14. c3 Nd5 15. Nxg6 hxg6 16. c4 a4 17. cxd5 axb3 18. dxc6 Rxa2 19. Be3 Qc7 20. Rxa2 bxa2
21. Qc4 Nd7 22. Qxa2 Nf6 23. h3 Rd8 24. Rc1 Nd5 25. Bxd5 Rxd5 26. Qa8+ Kh7 27. Qb7 Bd8 28. Qxc7 Bxc7 29. b4 f5 30. Ra1 f4
31. Ra7 fxe3 32. fxe3 e5 33. Rxc7 exd4 34. Rd7
1-0

[Event "DAGIJ"]
[Site "SchemingMind.com"]
[Date "2023.02.10"]
[Round "-"]
[White "Steven DuCharme"]
[Black "Transcendent"]
[Result "1-0"]
[WhiteCountry "USA"]
[BlackCountry "ENG"]
[WhiteElo "1481"]
[WhiteRD "60"]
[BlackElo "2058"]
[BlackRD "80"]
[GameID "731262"]

1. d4 d5 2. c4 c6 3. e3 Nf6 4. Nf3 a6 5. Nc3 Bf5 6. Bd3 Bxd3 7. Qxd3 e6 8. O-O Nbd7 9. Bd2 Be7 10. cxd5 exd5
11. a4 O-O 12. Rfb1 Re8 13. b4 Nb6 14. a5 Nc4 15. Bc1 Bf8 16. Nd2 Nxd2 17. Bxd2 Qc7 18. h3 Re6 19. e4 dxe4 20. Qe3 Rd8
21. g3 Nd5 22. Nxd5 cxd5 23. Rc1 Qd7 24. Kg2 Rh6 25. g4 f5 26. g5 f4 27. Qxf4
1-0

[Event "DAGIJ"]
[Site "SchemingMind.com"]
[Date "2023.02.11"]
[Round "-"]
[White "Transcendent"]
[Black "Steven DuCharme"]
[Result "1-0"]
[WhiteCountry "ENG"]
[BlackCountry "USA"]
[WhiteElo "2058"]
[WhiteRD "80"]
[BlackElo "1481"]
[BlackRD "60"]
[GameID "731263"]

1. Nf3 b6 2. d4 Bb7 3. Nbd2 Nf6 4. c4 e6 5. g3 Be7 6. Bg2 O-O 7. O-O d6 8. b3 Nbd7 9. Bb2 c5 10. Re1 cxd4
11. Nxd4 Bxg2 12. Kxg2 Nc5 13. Nc6 Qc7 14. Nxe7+ Qxe7 15. Rc1 Qb7+ 16. f3 Ng4 17. Nf1 Rad8 18. b4 Na6 19. Qd4 Ne5 20. a3 f6
21. Red1 Rd7 22. Kf2 Rfd8 23. Ne3 Nc6 24. Qg4 Kf7 25. Qh5+ Kg8 26. b5
1-0

[Event "DAGIJ"]
[Site "SchemingMind.com"]
[Date "2023.02.08"]
[Round "-"]
[White "Steven DuCharme"]
[Black "ray winteringham"]
[Result "1-0"]
[WhiteCountry "USA"]
[BlackCountry "ENG"]
[WhiteElo "1514"]
[WhiteRD "69"]
[BlackElo "1427"]
[BlackRD "48"]
[GameID "731264"]

1. c4 b5 2. e3 a6 3. cxb5 e5 4. bxa6 Nxa6 5. Nf3 d6 6. Be2 Bb7 7. O-O Be7 8. Nc3 Nf6 9. Qa4+ c6 10. a3 O-O
11. b4 h6 12. Bb2 Nc7 13. Qc2 Qb8 14. e4 d5 15. Nxe5 dxe4 16. Nxe4 Nxe4 17. Qxe4 c5 18. Nc6 Qe8 19. Nxe7+ Kh8 20. Qe5 Ne6
21. Nf5 f6 22. Qg3 Rg8 23. Qh4 Qg6 24. Ne3 Rgd8 25. Rfd1 f5 26. g3 Re8 27. Bh5 Qg5 28. Qxg5 Nxg5 29. h4 Nh3+ 30. Kh2 Nxf2
31. Bxe8 Nxd1 32. Rxd1 Rxe8 33. bxc5 Kh7 34. Rf1 Be4 35. d4 Rc8 36. Nxf5 Rf8 37. Ne3 Re8 38. Rf2 Ba8 39. Bc1 Bc6 40. d5 Bb5
41. c6 Rd8 42. c7 Rc8 43. d6
1-0

[Event "DAGIJ"]
[Site "SchemingMind.com"]
[Date "2023.02.08"]
[Round "-"]
[White "ray winteringham"]
[Black "Steven DuCharme"]
[Result "1/2-1/2"]
[WhiteCountry "ENG"]
[BlackCountry "USA"]
[WhiteElo "1427"]
[WhiteRD "48"]
[BlackElo "1514"]
[BlackRD "69"]
[GameID "731265"]

1. e4 c6 2. Bc4 d5 3. exd5 cxd5 4. Bb3 Nf6 5. h3 Nc6 6. Ne2 Na5 7. Ba4+ Bd7 8. Nbc3 d4 9. Bxd7+ Qxd7 10. Nb1 e5
11. O-O Bd6 12. d3 h6 13. Bd2 Nc6 14. c3 O-O-O 15. a4 g5 16. b4 e4 17. dxe4 Nxe4 18. cxd4 Nxd2 19. Qxd2 Bxb4 20. Qb2 Nxd4
21. Nxd4 Qxd4 22. Qxd4 Rxd4 23. Rc1+ Kb8 24. Nc3 Rc8 25. Nb5 Rdc4 26. Rd1 a6 27. Nd4 Rxd4 28. Rxd4 Bc3 29. Rad1 Bxd4 30. Rxd4 Rc7
31. Rd8+ Ka7 32. Rd6 h5 33. Rd4 f6 34. Kh2 b5 35. axb5 axb5 36. Rb4 Kb6 37. Kg3 Rc4 38. Rb1 f5 39. f3 f4+ 40. Kh2 h4
41. Kg1 Kc5 42. Re1 Kd5 43. Rd1+ Ke5 44. Rb1 b4 45. Kf2 Kd4 46. Ke2 Rc2+ 47. Kd1 Rxg2 48. Rxb4+ Kc3 49. Rb5 Rf2 50. Rxg5 Rxf3
51. Rg4 Rxh3 52. Rxf4 Kd3 53. Rf1 Rg3 54. Ke1 Ke3 55. Rh1 h3 56. Kf1 Kf3 57. Rh2 Kg4=
1/2-1/2

[Event "DAGIJ"]
[Site "SchemingMind.com"]
[Date "2023.02.09"]
[Round "-"]
[White "Steven DuCharme"]
[Black "JAHI"]
[Result "0-1"]
[WhiteCountry "USA"]
[BlackCountry "INT"]
[WhiteElo "1514"]
[WhiteRD "69"]
[BlackElo "2174"]
[BlackRD "67"]
[GameID "731268"]

1. Nf3 b6 2. g3 Bb7 3. Bg2 h6 4. O-O h5 5. h4 d6 6. Ng5 Bxg2 7. Kxg2 Qd7 8. d4 f6 9. Nh3 e6 10. Qd3 d5
11. Qg6+ Qf7 12. Qxf7+ Kxf7 13. f3 Bd6 14. e4 Ne7 15. a3 c6 16. Nd2 c5 17. dxc5 bxc5 18. f4 Nbc6 19. b3 a6 20. Bb2 a5
21. Rae1 a4 22. e5 Bc7 23. exf6 gxf6 24. Ng5+ fxg5 25. fxg5+ Nf5 26. Bxh8 Rxh8 27. bxa4 c4 28. Rb1 Ke7 29. Rb7 Kd7
0-1

[Event "DAGIJ"]
[Site "SchemingMind.com"]
[Date "2023.02.08"]
[Round "-"]
[White "JAHI"]
[Black "Steven DuCharme"]
[Result "1-0"]
[WhiteCountry "INT"]
[BlackCountry "USA"]
[WhiteElo "2174"]
[WhiteRD "67"]
[BlackElo "1514"]
[BlackRD "69"]
[GameID "731269"]

1. e3 e5 2. g3 d5 3. Bg2 Nf6 4. Kf1 c6 5. d3 Be7 6. Nc3 O-O 7. e4 d4 8. Nce2 a5 9. Bg5 b5 10. h3 Be6
11. f3 Nbd7 12. f4 exf4 13. gxf4 h6 14. Bxf6 Nxf6 15. a3 Rc8 16. f5 Bd7 17. Nxd4 c5 18. Nde2 Qc7 19. h4 Ng4 20. Qd2 Bf6
21. Bh3 Ne5 22. Nf4 Bxh4 23. Qh2 c4 24. d4 b4 25. Nd5 Qa7 26. dxe5 Qd4 27. f6 Qxe4 28. Ne7+ Kh8 29. Bxd7 Rcd8 30. Bf5
1-0

[Event "DAGIJ"]
[Site "SchemingMind.com"]
[Date "2023.02.11"]
[Round "-"]
[White "Steven DuCharme"]
[Black "LockettJ"]
[Result "0-1"]
[WhiteCountry "USA"]
[BlackCountry "ENG"]
[WhiteElo "1515"]
[WhiteRD "73"]
[BlackElo "2061"]
[BlackRD "91"]
[GameID "731270"]

1. Nf3 d5 2. g3 Bg4 3. Ne5 Bf5 4. Bg2 c6 5. O-O Nf6 6. d3 Nbd7 7. Nxd7 Qxd7 8. b3 e5 9. Bb2 Bd6 10. Nd2 O-O
11. e4 Bg4 12. f3 Bh3 13. Rf2 Bc5
0-1

[Event "DAGIJ"]
[Site "SchemingMind.com"]
[Date "2023.02.08"]
[Round "-"]
[White "LockettJ"]
[Black "Steven DuCharme"]
[Result "1-0"]
[WhiteCountry "ENG"]
[BlackCountry "USA"]
[WhiteElo "2061"]
[WhiteRD "91"]
[BlackElo "1515"]
[BlackRD "73"]
[GameID "731271"]

1. c4 Nf6 2. g3 c6 3. Bg2 d5 4. Nf3 dxc4 5. O-O g6 6. Na3 b5 7. Ne5 Qb6 8. d3 Be6 9. dxc4 a6 10. Be3 Qc7
11. Nxc6 Nxc6 12. cxb5 axb5 13. Nxb5 Qb7 14. Rc1
1-0

[Event "DAGIJ"]
[Site "SchemingMind.com"]
[Date "2023.02.08"]
[Round "-"]
[White "Steven DuCharme"]
[Black "CapaChess"]
[Result "0-1"]
[WhiteCountry "USA"]
[BlackCountry "CUB"]
[WhiteElo "1515"]
[WhiteRD "67"]
[BlackElo "2369"]
[BlackRD "75"]
[GameID "731272"]

1. c4 e5 2. Nc3 Nf6 3. g3 Bb4 4. Bg2 O-O 5. a3 Bxc3 6. dxc3 d6 7. Bg5 Nbd7 8. Nf3 h6 9. Bxf6 Qxf6 10. O-O Qe6
11. b3 a5 12. Qd5 Qe7 13. h4 a4 14. Bh3 Nf6 15. Bxc8 Nxd5 16. Bxb7 Nxc3 17. Bxa8 Rxa8
0-1

[Event "DAGIJ"]
[Site "SchemingMind.com"]
[Date "2023.02.08"]
[Round "-"]
[White "CapaChess"]
[Black "Steven DuCharme"]
[Result "1-0"]
[WhiteCountry "CUB"]
[BlackCountry "USA"]
[WhiteElo "2369"]
[WhiteRD "75"]
[BlackElo "1515"]
[BlackRD "67"]
[GameID "731273"]

1. e4 c6 2. d4 d5 3. Nc3 dxe4 4. Nxe4 Nf6 5. Nxf6+ exf6 6. c3 g6 7. Bd3 Bg7 8. h4 h5 9. Ne2 Nd7 10. O-O Nf8
11. Re1 Ne6 12. Nf4 O-O 13. Nxe6 Bxe6 14. Rxe6 Re8 15. Rxe8+ Qxe8 16. Bf4 Rd8 17. Qe2 Qxe2 18. Bxe2 Re8 19. Bf3
1-0

[Event "DAGIJ"]
[Site "SchemingMind.com"]
[Date "2023.02.08"]
[Round "-"]
[White "Steven DuCharme"]
[Black "Megabulles"]
[Result "0-1"]
[WhiteCountry "USA"]
[BlackCountry "GER"]
[WhiteElo "1514"]
[WhiteRD "69"]
[BlackElo "2211"]
[BlackRD "72"]
[GameID "731274"]

1. d4 d5 2. Nf3 Nf6 3. g3 Bg4 4. Bg2 Nbd7 5. O-O e6 6. h3 Bh5 7. a3 a5 8. Nbd2 Be7 9. c4 c6 10. b3 O-O
11. Bb2 h6 12. Ne5 Nxe5 13. dxe5 Nd7 14. f3 f6 15. exf6 Bxf6 16. Bxf6 Nxf6 17. Qc2 Qd6 18. f4 Bxe2 19. Rfe1 Bh5 20. cxd5 exd5
21. a4 Rfe8 22. Bf3 Re6 23. Bxh5 Nxh5 24. Kf2 Rae8 25. Rxe6 Qxe6 26. Qd3 Qxh3 27. Qf3 Qh2+
0-1

[Event "DAGIJ"]
[Site "SchemingMind.com"]
[Date "2023.02.08"]
[Round "-"]
[White "Megabulles"]
[Black "Steven DuCharme"]
[Result "1-0"]
[WhiteCountry "GER"]
[BlackCountry "USA"]
[WhiteElo "2195"]
[WhiteRD "74"]
[BlackElo "1515"]
[BlackRD "67"]
[GameID "731275"]

1. d4 d5 2. Nf3 Nf6 3. e3 g6 4. Nbd2 Bg7 5. b4 O-O 6. Bb2 a6 7. c4 b6 8. a4 Bb7 9. Rc1 Nbd7 10. c5 bxc5
11. dxc5 c6 12. Bd3 e5 13. Nxe5 Nxe5 14. Bxe5 Re8 15. Nf3 Ng4 16. Bxg7 Kxg7 17. O-O h6 18. h3 Nf6 19. Nd4 Ne4 20. Bxe4 Rxe4
21. Rb1 Qc7 22. Qc2 Rae8 23. b5 f5 24. bxc6 Bxc6 25. Rb6 Bb7 26. Qb2
1-0

[Event "DAGIJ"]
[Site "SchemingMind.com"]
[Date "2023.02.08"]
[Round "-"]
[White "The Stonewall"]
[Black "MazetaFighter"]
[Result "1-0"]
[WhiteCountry "ENG"]
[BlackCountry "GRE"]
[WhiteElo "2295"]
[WhiteRD "75"]
[BlackElo "2000"]
[BlackRD "79"]
[GameID "731276"]

1. e4 e5 2. Nc3 Nf6 3. f4 d5 4. fxe5 Nxe4 5. Nf3 Bc5 6. Qe2 Bf5 7. Nd1 Nc6 8. d3 Bb6 9. Ne3 Be6 10. dxe4 dxe4
11. Nd2 O-O 12. Ndc4 Bc5 13. c3 b5 14. Nd2 Nxe5 15. Nxe4 Qh4+ 16. Nf2 Nc4 17. g3 Qf6 18. Ne4
1-0

[Event "DAGIJ"]
[Site "SchemingMind.com"]
[Date "2023.02.13"]
[Round "-"]
[White "MazetaFighter"]
[Black "The Stonewall"]
[Result "0-1"]
[WhiteCountry "GRE"]
[BlackCountry "ENG"]
[WhiteElo "2017"]
[WhiteRD "80"]
[BlackElo "2323"]
[BlackRD "72"]
[GameID "731277"]

1. e4 c5 2. Nf3 e6 3. d3 Nc6 4. Nbd2 g6 5. c3 Bg7 6. g3 Nge7 7. Bg2 O-O 8. O-O Rb8 9. d4 cxd4 10. cxd4 Nxd4
11. Nxd4 Bxd4 12. Nf3 Bg7 13. Bf4 Ra8 14. Qd6 Bxb2 15. Rab1 Bg7 16. Rfc1 Nc6 17. e5 f6 18. exf6 Bxf6 19. a4 Qe7 20. Qd2 d5
21. Bh6= Rd8 22. h4 Qd6 23. a5 e5 24. Ng5 Nd4 25. Qa2 Be7 26. Rc3 Bg4 27. f3 Rac8 28. Ne4 Qa6 29. Bf1 Nxf3+ 30. Rxf3 Qe6
31. Rc3 Bf5 32. Rxb7 Bxe4
0-1

[Event "DAGIJ"]
[Site "SchemingMind.com"]
[Date "2023.02.13"]
[Round "-"]
[White "The Stonewall"]
[Black "Transcendent"]
[Result "1-0"]
[WhiteCountry "ENG"]
[BlackCountry "ENG"]
[WhiteElo "2323"]
[WhiteRD "72"]
[BlackElo "2058"]
[BlackRD "80"]
[GameID "731278"]

1. Nf3 d5 2. c4 c6 3. g3 Nf6 4. Bg2 e6 5. O-O Be7 6. b3 O-O 7. Bb2 b6 8. d3 Bb7 9. Qd2 c5 10. cxd5 Nxd5
11. Nc3 Nc6 12. Nxd5 Qxd5 13. Qf4 Rad8 14. Rac1 f6 15. Qg4 Qd7= 16. Bh3 Bc8 17. Rfd1 Qb7 18. Qc4 Rd5 19. d4
1-0

[Event "DAGIJ"]
[Site "SchemingMind.com"]
[Date "2023.02.12"]
[Round "-"]
[White "Transcendent"]
[Black "The Stonewall"]
[Result "0-1"]
[WhiteCountry "ENG"]
[BlackCountry "ENG"]
[WhiteElo "2058"]
[WhiteRD "80"]
[BlackElo "2323"]
[BlackRD "72"]
[GameID "731279"]

1. d4 Nf6 2. c4 c5 3. d5 g6 4. g3 Bg7 5. Nc3 O-O 6. Bg2 e6 7. Nf3 exd5 8. cxd5 d6 9. O-O Nbd7 10. h3 Qe7
11. Bf4 Nh5 12. Bg5 f6 13. Bd2 f5 14. Bg5 Ndf6 15. Qc2 h6 16. Bxf6= Bxf6 17. Rfe1 Bd7 18. e4 Qg7 19. a4 Rae8
0-1

[Event "DAGIJ"]
[Site "SchemingMind.com"]
[Date "2023.02.08"]
[Round "-"]
[White "The Stonewall"]
[Black "ray winteringham"]
[Result "1-0"]
[WhiteCountry "ENG"]
[BlackCountry "ENG"]
[WhiteElo "2306"]
[WhiteRD "72"]
[BlackElo "1401"]
[BlackRD "48"]
[GameID "731280"]

1. e4 d5 2. exd5 Qxd5 3. Nc3 Qd8 4. Bc4 Nf6 5. d3 e6 6. Nge2 Bd6 7. O-O Bxh2+ 8. Kxh2 Qd6+ 9. Kg1 a6 10. Bf4 Qe7
11. Ng3 O-O 12. Re1 Nc6 13. Bg5 h6 14. Nd5 Qd8 15. Nxf6+ Kh8 16. Qh5 gxf6 17. Qxh6+ Kg8 18. Nh5
1-0

[Event "DAGIJ"]
[Site "SchemingMind.com"]
[Date "2023.02.08"]
[Round "-"]
[White "ray winteringham"]
[Black "The Stonewall"]
[Result "0-1"]
[WhiteCountry "ENG"]
[BlackCountry "ENG"]
[WhiteElo "1401"]
[WhiteRD "48"]
[BlackElo "2306"]
[BlackRD "72"]
[GameID "731281"]

1. e4 e5 2. Bc4 Nf6 3. d3 c6 4. Ne2 d5 5. Bb3 dxe4 6. O-O exd3 7. Bg5 dxe2 8. Qxe2 Nbd7 9. Nd2 Be7 10. Qf3 Nc5
11. Rad1 Bg4 12. Qg3 Bxd1 13. Rxd1 Nxb3 14. axb3 Ne4 15. Bxe7 Qxd2 16. Rxd2 Nxg3 17. Bc5 Ne4 18. Re2 Nxc5 19. Rxe5+ Ne6
0-1

[Event "DAGIJ"]
[Site "SchemingMind.com"]
[Date "2023.02.13"]
[Round "-"]
[White "The Stonewall"]
[Black "JAHI"]
[Result "0-1"]
[WhiteCountry "ENG"]
[BlackCountry "INT"]
[WhiteElo "2282"]
[WhiteRD "74"]
[BlackElo "2204"]
[BlackRD "80"]
[GameID "731284"]

1. d4 b6 2. e4 Bb7 3. Bd3 d6 4. Nf3 Nd7 5. Bf4 g6 6. O-O Bg7 7. Nc3 Kf8 8. Qd2 h6 9. h3 e6 10. Rad1 Ne7
11. Rfe1 a6 12. a4 Kg8 13. Bc4 Rh7 14. b3 Kh8 15. Bh2 Qf8 16. b4 Re8 17. Ne2 Bxe4 18. Bxa6 Bxf3 19. gxf3 Ra8 20. Bd3 Nf6
21. Ra1 Nf5 22. Be4 Nh4 23. Bc6 Nd5 24. Ra3 Ra7 25. Bxd5 exd5 26. Qd3 Qe8 27. a5 bxa5 28. Rxa5 Rxa5 29. bxa5 Bf6 30. Ra1 Kg7
31. Bg3 Nf5 32. a6 Qc6 33. a7 Rh8 34. Qa6 Qxa6 35. Rxa6 Ra8 36. c3 Ne7 37. Kg2 Kf8 38. Nf4 Ke8 39. Nd3 Kd7 40. Bf4 Nc6
41. Bxh6 Rxa7 42. Rxa7 Nxa7 43. Bd2 Bd8 44. Kf1 c6 45. Ke2 Nb5 46. Nf4 Nc7 47. Be3 Ne6 48. Kd3 Ng5 49. Ke2 Kc7 50. Bc1 Kb6
51. h4 Ne6 52. Ng2 Ka5 53. Kd3 Ka4 54. Kc2 Kb5 55. Kd3 c5 56. Be3 Bf6 57. f4 Ng7 58. f3 Nf5 59. Bf2 Be7 60. Be1 Ka4
61. Kc2 cxd4 62. cxd4 Nxd4+ 63. Kd3 Nxf3 64. Bf2 Kb5 65. Ke2 Nh2 66. Ne3 d4 67. Nd5 Bd8 68. Bxd4 Kc4 69. Bf6 Kxd5 70. Bxd8 Ke6
71. Bc7 Ng4 72. Kf3 Nh6 73. Ba5 f6 74. Bc3 f5 75. Ke3 Kd5 76. Kd3 Ng8 77. Bg7 Ne7 78. Bc3 Nc6 79. Bb2 Nb8 80. Bf6 Nd7
81. Be7 Nc5+
0-1

[Event "DAGIJ"]
[Site "SchemingMind.com"]
[Date "2023.02.12"]
[Round "-"]
[White "JAHI"]
[Black "The Stonewall"]
[Result "0-1"]
[WhiteCountry "INT"]
[BlackCountry "ENG"]
[WhiteElo "2146"]
[WhiteRD "74"]
[BlackElo "2323"]
[BlackRD "72"]
[GameID "731285"]

1. e3 g6 2. h3 Bg7 3. h4 d5 4. h5 Nc6 5. Bb5 Bd7 6. Bxc6 Bxc6 7. Kf1 d4 8. d3 dxe3 9. fxe3 Qd6 10. Nf3 O-O-O
11. Nc3 f5 12. Qe2 Bxc3 13. bxc3 Nf6 14. Bd2 Nxh5 15. Rxh5 gxh5 16. Rb1 Rhg8 17. Rb4 Rg3 18. Nh4 Rdg8 19. Qf2 e6 20. e4 Qe5
21. Bf4 Qxc3 22. Bxg3 Qxb4 23. exf5 Qb1+ 24. Qe1 Qxe1+ 25. Bxe1 exf5 26. g3 Re8 27. Bd2 Ba4 28. Ng2 Bxc2 29. Nf4 Rg8 30. Kf2 Rg4
31. a3 h4 32. gxh4 Rxh4 33. Be3 Kd7 34. Kg3 Rg4+ 35. Kf3 Kd6 36. d4 b5 37. Ke2 a5 38. Kd2 Be4 39. Ke2 b4 40. axb4 axb4
41. Bc1 Rg1 42. Be3 Ra1 43. Bd2 b3 44. Bb4+ Kd7 45. Bc3 Rc1 46. Bb2 Rc2+ 47. Ke3 Rxb2 48. Nh5 Ke7 49. Ng3 Rc2 50. d5 b2
51. d6+ cxd6 52. Nxe4 b1=Q 53. Kf4 fxe4 54. Kxe4 Qd1 55. Kf4 Re2 56. Kg3 Qf1 57. Kg4 Rg2+ 58. Kh5 Qh1#
0-1

[Event "DAGIJ"]
[Site "SchemingMind.com"]
[Date "2023.02.08"]
[Round "-"]
[White "The Stonewall"]
[Black "LockettJ"]
[Result "1-0"]
[WhiteCountry "ENG"]
[BlackCountry "ENG"]
[WhiteElo "2311"]
[WhiteRD "76"]
[BlackElo "2090"]
[BlackRD "87"]
[GameID "731286"]

1. d4 Nf6 2. Bg5 Ne4 3. Bf4 d5 4. e3 c5 5. Bd3 Nf6 6. Nf3 Bg4 7. Nbd2 Nc6 8. c3 a6 9. O-O c4 10. Bc2 e6
11. Re1 Be7 12. e4 O-O 13. Qe2 dxe4 14. Nxe4 Nd5 15. Bd2 b5 16. Ng3 Qd6 17. h3 Bxf3 18. Qxf3 Rad8 19. Qe4 g6 20. Rad1 Bf6
21. Qg4 Bg7 22. Ne4 Qc7 23. Qh4 Nce7 24. Nc5 a5 25. Bh6 Bxh6 26. Qxh6 Qf4 27. Qxf4 Nxf4 28. a4 b4 29. Be4 bxc3 30. bxc3 Ned5
31. Rc1 Rb8 32. Nd7 Rb2 33. Nxf8 Kxf8 34. Bxd5 Nxd5 35. Rb1 Ra2 36. Ra1 Rd2 37. Red1 Rb2 38. Rdb1 Rc2 39. Rb5 Nxc3 40. Rxa5 Kg7
41. Re5 Rb2 42. a5 Rb7 43. Rc5 Ne2+ 44. Kh2 Nxd4 45. Rxc4 Nf5 46. Rc6 Kf6 47. a6 Ra7 48. Rb6 Nd4 49. Ra4 Ke5 50. Rb7 Nc6
51. Rxa7 Nxa7 52. Rb4 Nc6 53. Rb7 f6 54. Rxh7 g5 55. Kg3
1-0

[Event "DAGIJ"]
[Site "SchemingMind.com"]
[Date "2023.02.08"]
[Round "-"]
[White "LockettJ"]
[Black "The Stonewall"]
[Result "0-1"]
[WhiteCountry "ENG"]
[BlackCountry "ENG"]
[WhiteElo "2085"]
[WhiteRD "85"]
[BlackElo "2313"]
[BlackRD "78"]
[GameID "731287"]

1. d4 d5 2. c4 Nc6 3. Nc3 dxc4 4. Nf3 Nf6 5. Bg5 a6 6. d5 Na7 7. e4 Nb5 8. Bxc4 Nxc3 9. bxc3 Nxe4 10. O-O c6
11. dxc6 Qxd1 12. Raxd1 bxc6 13. Rfe1 Nxg5 14. Nxg5 e6 15. Ne4 Ba3 16. Nd6+ Ke7 17. Nf5+ Kf6 18. Nd6 Ra7 19. Rd4 Bxd6 20. Rxd6 Bd7
21. Red1 Rd8 22. f4 Ke7 23. g3 a5 24. R6d2 Rb8 25. Kf2 Rab7 26. Rd4 g6 27. R1d2 c5 28. Rd6 Bb5 29. Bxb5 Rxb5 30. Rd7+ Kf6
31. Ke3 Rb2 32. R7d6 a4 33. Rxb2 Rxb2 34. Rd2 Rxd2 35. Kxd2 Kf5 36. Kd3 e5 37. fxe5 Kxe5 38. Ke3 f5 39. h4 Kd5 40. Kd3 a3
41. c4+ Ke5 42. Ke3 h6 43. Kd3 g5 44. Ke3 gxh4 45. gxh4 f4+ 46. Kd3 h5 47. Ke2 Ke4 48. Kf2 f3 49. Kf1 Kf4 50. Kf2 Kg4
0-1

[Event "DAGIJ"]
[Site "SchemingMind.com"]
[Date "2023.02.12"]
[Round "-"]
[White "The Stonewall"]
[Black "CapaChess"]
[Result "0-1"]
[WhiteCountry "ENG"]
[BlackCountry "CUB"]
[WhiteElo "2308"]
[WhiteRD "75"]
[BlackElo "2518"]
[BlackRD "65"]
[GameID "731288"]

1. d4 Nf6 2. Nf3 e6 3. g3 c5 4. Bg2 cxd4 5. Nxd4 d5 6. O-O e5 7. Nb3 Be6 8. Bg5 Nbd7 9. Nc3 Be7 10. f4 exf4
11. gxf4 h6 12. Bh4 Nb6 13. Qd3 O-O 14. Nd4 Bd7 15. Rad1 Re8 16. b3 Ng4 17. Bg3 Rc8 18. Nxd5 Bc5 19. Bf2 Bc6 20. Nxb6 Bxb6
21. Bxc6 bxc6 22. e3 Qf6 23. b4 c5 24. bxc5 Rxc5 25. h3 Nxf2 26. Rxf2 Qe7 27. Rf3 Qc7 28. Rg3 Rc3 29. Qd2 g6 30. Qf2 Re4
31. Rd2 h5 32. a4 Qe7 33. a5 Bxd4 34. exd4 Rxg3+ 35. Qxg3 Re3 36. Qg5 Re1+ 37. Kh2 Qe3 38. Rg2 Qc1 39. Kg3 Kg7 40. h4 Qe3+
41. Kh2 Qxd4 42. c3 Qd1 43. Rg1 Qc2+ 44. Rg2 Qc1 45. Rg1 Rxg1 46. Qxg1 Qxf4+ 47. Kh3 Qf5+ 48. Kh2 Qc2+ 49. Kg3 Qxc3+
0-1

[Event "DAGIJ"]
[Site "SchemingMind.com"]
[Date "2023.02.12"]
[Round "-"]
[White "CapaChess"]
[Black "The Stonewall"]
[Result "1-0"]
[WhiteCountry "CUB"]
[BlackCountry "ENG"]
[WhiteElo "2507"]
[WhiteRD "62"]
[BlackElo "2323"]
[BlackRD "72"]
[GameID "731289"]

1. e4 c5 2. d4 cxd4 3. c3 dxc3 4. Nxc3 Nc6 5. Nf3 e6 6. Bc4 Bb4 7. O-O Nge7 8. Bg5 Bxc3 9. bxc3 O-O 10. Qd6 f6
11. Bc1 Qa5 12. Ba3 Qxc3 13. Rac1 Qa5 14. Bb3 Re8 15. Rfe1 Ng6 16. h4 Qh5 17. Re3 b6 18. Rxc6 dxc6 19. e5 Nxe5 20. Nxe5 fxe5
21. Bb2 a5 22. Qxc6 a4 23. Rxe5 Qf7 24. Rg5 Bd7 25. Qd6 g6 26. Qe5 Kf8 27. Bc4 Rac8 28. Rg4 Rc5 29. Ba3 Kg8 30. Bxc5 bxc5
31. h5 Qg7 32. Qxc5 Kh8 33. Qa7 e5 34. h6 Qe7 35. Rg3 Bc6 36. Qxe7 Rxe7 37. Rd3 Rd7 38. Rxd7 Bxd7 39. a3 Bc6 40. Kf1 Bb7
41. g3 Bf3 42. Be6 Bc6 43. Ke2 Be4 44. Kd2 Bg2 45. Kc3
1-0

[Event "DAGIJ"]
[Site "SchemingMind.com"]
[Date "2023.02.12"]
[Round "-"]
[White "The Stonewall"]
[Black "Megabulles"]
[Result "1/2-1/2"]
[WhiteCountry "ENG"]
[BlackCountry "GER"]
[WhiteElo "2308"]
[WhiteRD "75"]
[BlackElo "2335"]
[BlackRD "68"]
[GameID "731290"]

1. e4 c5 2. c3 Nf6 3. e5 Nd5 4. Nf3 e6 5. Bc4 Nc6 6. d4 cxd4 7. cxd4 d6 8. O-O Be7 9. Qe2 O-O 10. Nc3 Nxc3
11. bxc3 dxe5 12. dxe5 Qc7 13. Re1 b6 14. Bd3 Rd8 15. Bc2 Bb7 16. Ng5 g6 17. Qg4 Rd5 18. Bb3 h5 19. Qg3 Rxe5 20. Bf4 Rxg5
21. Bxc7 Rxg3 22. Bxg3 Bf6 23. Rac1 Kg7 24. Bd6 Rc8 25. f3 Na5 26. Be5 Bxe5 27. Rxe5 Kf6 28. Re3 Nc4 29. Rd3 Bd5 30. Rd4 b5
31. a4 a6 32. axb5 axb5 33. Kf2 Ra8 34. h4 Ra3 35. Bxc4 Bxc4 36. g4 Ra2+ 37. Kg3 hxg4 38. fxg4 e5 39. Rd6+ Kg7 40. g5 e4
41. Re1 Rc2 42. Rxe4 Rxc3+ 43. Kf4 Rd3 44. Rxd3 Bxd3 45. Rd4 Bc4 46. Ke5 Ba2 47. Rd7 Be6 48. Rb7 Bc4 49. Kd6 Bf1=
1/2-1/2

[Event "DAGIJ"]
[Site "SchemingMind.com"]
[Date "2023.02.13"]
[Round "-"]
[White "Megabulles"]
[Black "The Stonewall"]
[Result "1/2-1/2"]
[WhiteCountry "GER"]
[BlackCountry "ENG"]
[WhiteElo "2211"]
[WhiteRD "72"]
[BlackElo "2275"]
[BlackRD "72"]
[GameID "731291"]

1. d4 d5 2. Nf3 c5 3. e3 Nf6 4. c3 Qc7 5. Nbd2 Nbd7 6. Bd3 e5 7. Nxe5 Nxe5 8. dxe5 Qxe5 9. e4 Nxe4 10. Nxe4 dxe4
11. Bb5+ Ke7 12. Be3 f5 13. Qd2 Be6 14. O-O-O Kf7 15. Bf4 Qf6 16. Bg5 Qe5 17. Bf4=
1/2-1/2